Law of defamation & malicious prosecution with model forms (civil & criminal) / (Record no. 585980)

000 -LEADER
fixed length control field 01192cam a22003375i 4500
001 - CONTROL NUMBER
control field 21929759
003 - CONTROL NUMBER IDENTIFIER
control field NUST
005 - DATE AND TIME OF LATEST TRANSACTION
control field 20210719113949.0
008 - FIXED-LENGTH DATA ELEMENTS--GENERAL INFORMATION
fixed length control field 210307s2021 pk k bl 001 0 eng
010 ## - LIBRARY OF CONGRESS CONTROL NUMBER
LC control number 2021319349
038 ## - RECORD CONTENT LICENSOR
Staff Name Waseem
040 ## - CATALOGING SOURCE
Original cataloging agency DLC
Language of cataloging eng
Description conventions rda
Transcribing agency DLC
042 ## - AUTHENTICATION CODE
Authentication code lcode
-- pcc
043 ## - GEOGRAPHIC AREA CODE
Geographic area code a-pk---
082 ## - DEWEY DECIMAL CLASSIFICATION NUMBER
Classification number 347.4210954
Author Mark BAS
100 1# - MAIN ENTRY--PERSONAL NAME
Personal name Basit, Mohammad Abdul,
Relator term writer of added commentary.
9 (RLIN) 81046
245 10 - TITLE STATEMENT
Title Law of defamation & malicious prosecution with model forms (civil & criminal) /
Statement of responsibility, etc. by Muhammad Abdul Basit, Advocate High Court.
246 3# - VARYING FORM OF TITLE
Title proper/short title Law of defamation and malicious prosecution with model forms (civil & criminal)
250 ## - EDITION STATEMENT
Edition statement Fourth edition.
264 #1 - PRODUCTION, PUBLICATION, DISTRIBUTION, MANUFACTURE, AND COPYRIGHT NOTICE
Place of production, publication, distribution, manufacture Rawalpindi :
Name of producer, publisher, distributor, manufacturer Federal Law House,
Date of production, publication, distribution, manufacture, or copyright notice 2021.
300 ## - PHYSICAL DESCRIPTION
Extent x, 318 pages :
Other physical details forms ;
Dimensions 25 cm
336 ## - CONTENT TYPE
Content type term text
Content type code txt
Source rdacontent
337 ## - MEDIA TYPE
Media type term unmediated
Media type code n
Source rdamedia
338 ## - CARRIER TYPE
Carrier type term volume
Carrier type code nc
Source rdacarrier
504 ## - BIBLIOGRAPHY, ETC. NOTE
Bibliography, etc. note Includes bibliographical references (page 313) and index.
563 ## - BINDING INFORMATION
Binding note HBK.
710 12 - ADDED ENTRY--CORPORATE NAME
Corporate name or jurisdiction name as entry element Pakistan.
Title of a work Defamation ordinance, 2002.
9 (RLIN) 81047
906 ## - LOCAL DATA ELEMENT F, LDF (RLIN)
a 7
b ibc
c origode
d 2
e ncip
f 20
g y-gencatlg
942 ## - ADDED ENTRY ELEMENTS (KOHA)
Source of classification or shelving scheme
Koha item type Book
Holdings
Withdrawn status Lost status Source of classification or shelving scheme Damaged status Not for loan Permanent Location Current Location Shelving location Date acquired Total Checkouts Full call number Barcode Date last seen Date last checked out Price effective from Koha item type
          NUST Law School (NLS) NUST Law School (NLS) Law 07/19/2021 5 347.4210954 BAS CL-590 12/26/2024 12/15/2024 07/19/2021 Book
© 2023 Central Library, National University of Sciences and Technology. All Rights Reserved.